Statistics for Gracie Abrams - Fault line (Lyrics)

Click here to take the quiz!

General Stats

  • This quiz has been taken 31 times
  • The average score is 220 of 229

Answer Stats

Answer% Correct
a
100%
at
100%
back
100%
bad
100%
break
100%
But
100%
but
100%
but
100%
you're
100%
does
100%
fall
100%
fault
100%
happens
100%
I
100%
I'll
100%
I'm
100%
it
100%
know
100%
line,
100%
right
100%
same
100%
that
100%
the
100%
time,
100%
to
100%
when
100%
When
100%
you,
100%
you
100%
you?
100%
You
100%
you're
100%
You're
100%
And
95%
and
95%
Cracking
95%
down,
95%
drug
95%
even
95%
feel
95%
go
95%
hold
95%
holiday,
95%
in
95%
leaving
95%
my
95%
shock
95%
take
95%
won't
95%
all
89%
are
89%
bedroom
89%
could
89%
cried
89%
feeling
89%
forget
89%
friends
89%
gone
89%
I'd
89%
imaginary
89%
into
89%
I've
89%
of
89%
our
89%
road
89%
scared
89%
them
89%
this
89%
too
89%
too,
89%
up
89%
want
89%
would
89%
away
84%
bet
84%
each
84%
Finish
84%
how
84%
hurting
84%
If
84%
left
84%
met
84%
other
84%
overnight
84%
pretend
84%
recover
84%
run
84%
sooner
84%
will
84%
Wouldn't
84%
another
79%
arms
79%
lightyears
79%
Most
79%
nights,
79%
today,
79%

Score Distribution

Percentile by Number Answered

Percent of People with Each Score

Your Score History

You have not taken this quiz